[Event "Kemerovo Region Cup sf"]
[Site "Kemerovo"]
[Date "2014.07.21"]
[Round "1"]
[White "Vlasov, Igor"]
[Black "Karelov, Pavel"]
[Result "1-0"]
[WhiteElo "2234"]
[BlackElo "1848"]
[PlyCount "63"]
[EventDate "2014.07.21"]
[EventType "swiss"]
[EventRounds "9"]
[EventCountry "RUS"]
[SourceTitle "EXT 2016"]
[Source "ChessBase"]
[SourceDate "2015.10.08"]
[SourceVersion "1"]
[SourceVersionDate "2015.10.08"]
[SourceQuality "1"]

1. d4 d5 2. Nf3 Nf6 3. Bf4 Bf5 4. e3 e6 5. c4 c6 6. Nc3 Be7 7. Qb3 Qb6 8. c5 Qxb3 9. axb3 Nbd7 10. b4 0-0 11. b5 Rfc8 12. bxc6 Rxc6 13. b4 Nh5 14. Bb5 Nxf4 15. exf4 Rc7 16. Kd2 Nb8 17. Ra4 Nc6 18. Rha1 a6 19. Bxc6 Rxc6 20. b5 Rcc8 21. bxa6 Rxa6 22. Rxa6 bxa6 23. Rxa6 Kf8 24. Ne5 Ke8 25. g4 Bg6 26. f5 exf5 27. Nxd5 fxg4 28. Nb6 Bg5+ 29. Kc3 Rc7 30. Ra8+ Ke7 31. Nd5+ Ke6 32. Nxc7+ 1-0

[Event "Kemerovo-ch"]
[Site "Kemerovo"]
[Date "2014.04.27"]
[Round "8"]
[White "Karelov, Pavel"]
[Black "Chernov, Vadim A"]
[Result "0-1"]
[WhiteElo "1845"]
[BlackElo "2439"]
[PlyCount "64"]
[EventDate "2014.04.02"]
[EventType "swiss"]
[EventRounds "9"]
[EventCountry "RUS"]
[SourceTitle "CBM 160 Extra"]
[Source "ChessBase"]
[SourceDate "2014.07.01"]
[SourceVersion "1"]
[SourceVersionDate "2014.07.01"]
[SourceQuality "1"]

1. c4 Nf6 2. Nc3 g6 3. g3 Bg7 4. Bg2 0-0 5. e3 d6 6. Nge2 Nc6 7. 0-0 e5 8. d4 Bg4 9. f3 Bd7 10. d5 Na5 11. Qd3 b6 12. b4 Nb7 13. f4 e4 14. Qc2 a5 15. b5 Nc5 16. Nd4 Re8 17. Ba3 Ng4 18. Qd2 f5 19. Bxc5 bxc5 20. Nc6 Bxc6 21. dxc6 Nxe3 22. Rfe1 Ng4 23. Re2 Bd4+ 24. Kh1 Nf2+ 25. Rxf2 e3 26. Qd3 exf2 27. Rf1 Re3 28. Qd2 Rxc3 29. b6 cxb6 30. c7 Qe8 31. Bb7 Rc8 32. Bxc8 Qe4# 0-1

[Event "Kemerovo-ch"]
[Site "Kemerovo"]
[Date "2014.04.20"]
[Round "6"]
[White "Karelov, Pavel"]
[Black "Romanov, Evgeny1111"]
[Result "0-1"]
[WhiteElo "1845"]
[BlackElo "1991"]
[PlyCount "94"]
[EventDate "2014.04.02"]
[EventType "swiss"]
[EventRounds "9"]
[EventCountry "RUS"]
[SourceTitle "CBM 160 Extra"]
[Source "ChessBase"]
[SourceDate "2014.07.01"]
[SourceVersion "1"]
[SourceVersionDate "2014.07.01"]
[SourceQuality "1"]

1. c4 d6 2. Nc3 Nf6 3. g3 g6 4. Bg2 Bg7 5. e3 c5 6. Nge2 Nc6 7. d4 cxd4 8. Nxd4 Nxd4 9. exd4 0-0 10. 0-0 a6 11. b3 Rb8 12. Bb2 Bg4 13. Qd2 Qd7 14. Rfe1 Bh3 15. Ne4 Bxg2 16. Nxf6+ Bxf6 17. Kxg2 b5 18. cxb5 Rxb5 19. Kg1 Qh3 20. d5 Qf5 21. Bxf6 Rxd5 22. Qe2 exf6 23. Qxa6 Rd2 24. Qb6 Rc8 25. Red1 Rcc2 26. Rxd2 Rxd2 27. a4 d5 28. a5 d4 29. Qb8+ Kg7 30. Qf4 Qd3 31. a6 Rd1+ 32. Rxd1 Qxd1+ 33. Kg2 Qxb3 34. a7 Qb7+ 35. Kf1 Qxa7 36. Ke2 Qc5 37. Qe4 h5 38. f3 Qc4+ 39. Qd3 Qe6+ 40. Kf2 Qe5 41. f4 Qd5 42. h3 Qh1 43. g4 Qh2+ 44. Ke1 Qxf4 45. gxh5 Qh4+ 46. Kf1 Qxh5 47. Qxd4 Qxh3+ 0-1

[Event "Kemerovo-ch"]
[Site "Kemerovo"]
[Date "2014.04.16"]
[Round "5"]
[White "Riabov, Alexander"]
[Black "Karelov, Pavel"]
[Result "0-1"]
[WhiteElo "2071"]
[BlackElo "1845"]
[PlyCount "108"]
[EventDate "2014.04.02"]
[EventType "swiss"]
[EventRounds "9"]
[EventCountry "RUS"]
[SourceTitle "CBM 160 Extra"]
[Source "ChessBase"]
[SourceDate "2014.07.01"]
[SourceVersion "1"]
[SourceVersionDate "2014.07.01"]
[SourceQuality "1"]

1. d4 d5 2. c4 e6 3. Nf3 Nf6 4. g3 c6 5. Bg2 Be7 6. 0-0 0-0 7. Qc2 Nbd7 8. Rd1 b6 9. b3 Bb7 10. Nc3 Qc7 11. Bf4 Bd6 12. Bxd6 Qxd6 13. e4 Nxe4 14. Nxe4 dxe4 15. Qxe4 Nf6 16. Qe1 c5 17. Qe5 Qxe5 18. dxe5 Ng4 19. h3 Nh6 20. Rd7 Bc6 21. Rd6 Rac8 22. g4 Rfe8 23. Rad1 f6 24. exf6 Nf7 25. R6d2 gxf6 26. Ne1 Bxg2 27. Nxg2 Ne5 28. Kf1 Re7 29. Nf4 Nc6 30. Ne2 e5 31. Rd7 Kf7 32. Ng3 Nd4 33. Rxe7+ Kxe7 34. Kg2 Ke6 35. f4 a6 36. Kf2 b5 37. cxb5 axb5 38. Ke3 c4 39. bxc4 bxc4 40. Ne4 Ra8 41. Rc1 Rc8 42. fxe5 fxe5 43. Ng5+ Kd5 44. Nxh7 c3 45. Nf6+ Ke6 46. Ne4 c2 47. Nf2 Ra8 48. Nd3 Rxa2 49. h4 Ra3 50. Ke4 Rc3 51. Nb4 Nb3 52. Nd3 Rc4+ 53. Ke3 Nxc1 54. Nxc1 Rxg4 0-1

[Event "Kemerovo-ch"]
[Site "Kemerovo"]
[Date "2014.04.06"]
[Round "2"]
[White "Karelov, Pavel"]
[Black "Emeljashin, Yury"]
[Result "0-1"]
[WhiteElo "1845"]
[BlackElo "2051"]
[PlyCount "72"]
[EventDate "2014.04.02"]
[EventType "swiss"]
[EventRounds "9"]
[EventCountry "RUS"]
[SourceTitle "CBM 160 Extra"]
[Source "ChessBase"]
[SourceDate "2014.07.01"]
[SourceVersion "1"]
[SourceVersionDate "2014.07.01"]
[SourceQuality "1"]

1. c4 e5 2. Nc3 f5 3. g3 Nf6 4. Bg2 g6 5. e3 Bg7 6. Nge2 0-0 7. 0-0 Nc6 8. d3 d6 9. f4 Be6 10. Nd5 Qd7 11. Nec3 Rae8 12. Bd2 Nd8 13. Nxf6+ Bxf6 14. Nd5 Bg7 15. Bc3 c6 16. Nb4 e4 17. Bxg7 Qxg7 18. dxe4 Qxb2 19. Rb1 Qc3 20. Re1 a5 21. Qxd6 axb4 22. e5 Qxc4 23. Rxb4 Qxa2 24. Reb1 Qa7 25. Kf2 Rf7 26. Qd2 Rd7 27. Rd4 Ree7 28. Rd1 b6 29. Rd6 b5 30. Qc3 Bc4 31. R1d4 Ne6 32. Bxc6 Nxd4 33. exd4 Rxd6 34. exd6 Qa2+ 35. Kg1 Qb1+ 36. Kg2 Qf1# 0-1

[Event "Kemerovo Region-ch"]
[Site "Kemerovo"]
[Date "2013.10.23"]
[Round "8"]
[White "Karelov, Pavel"]
[Black "Romanov, Evgeny"]
[Result "1/2-1/2"]
[WhiteElo "1817"]
[BlackElo "2654"]
[PlyCount "147"]
[EventDate "2013.10.18"]
[EventType "swiss"]
[EventRounds "9"]
[EventCountry "RUS"]
[SourceTitle "EXT 2014"]
[Source "ChessBase"]
[SourceDate "2013.11.20"]
[SourceVersion "1"]
[SourceVersionDate "2013.11.20"]
[SourceQuality "1"]

1. c4 d6 2. Nc3 g6 3. g3 Bg7 4. Bg2 Nf6 5. Nf3 0-0 6. 0-0 c5 7. d3 Bd7 8. Rb1 Bc6 9. b4 cxb4 10. Rxb4 Na6 11. Rb1 Nc5 12. Be3 Qa5 13. Bxc5 Qxc5 14. Qc2 Rfc8 15. Qb3 Qh5 16. e4 e6 17. Qa3 a6 18. Nd4 Ng4 19. Nf3 Bd4 20. Nd1 Bc5 21. Qb2 f5 22. h3 Nf6 23. d4 Bxe4 24. dxc5 Bxf3 25. cxd6 Bxg2 26. Kxg2 f4 27. f3 Rxc4 28. g4 Qd5 29. Nf2 Qxd6 30. Qxb7 Nd5 31. Kg1 Rc2 32. Rfc1 Qc5 33. Rxc2 Qxc2 34. Qb2 Rc8 35. Ne4 Ne3 36. Qxc2 Rxc2 37. Rb8+ Kf7 38. Rb7+ Ke8 39. Rb8+ Kd7 40. Rb7+ Kc6 41. Re7 Kd5 42. Rd7+ Ke5 43. Rxh7 Rg2+ 44. Kh1 Rxa2 45. Rg7 Ra1+ 46. Kh2 Rf1 47. Rxg6 Kd5 48. Ng5 Rf2+ 49. Kg1 Rf1+ 50. Kh2 Re1 51. h4 Re2+ 52. Kg1 e5 53. Rxa6 Rg2+ 54. Kh1 Rg3 55. Ra5+ Kd4 56. Ra4+ Kd3 57. Ra3+ Ke2 58. Ra2+ Kf1 59. Ra1+ Ke2 60. Ra2+ Kf1 61. Ra1+ Ke2 62. Rg1 Kf2 63. Ne4+ Kxf3 64. Nxg3 fxg3 65. g5 Ng4 66. Rf1+ Nf2+ 67. Kg1 e4 68. g6 e3 69. g7 g2 70. g8Q gxf1Q+ 71. Kxf1 e2+ 72. Ke1 Nd3+ 73. Kd2 e1Q+ 74. Kxd3 1/2-1/2

[Event "Kemerovo Region-ch"]
[Site "Kemerovo"]
[Date "2013.10.21"]
[Round "5"]
[White "Zotova, Anastasia"]
[Black "Karelov, Pavel"]
[Result "0-1"]
[WhiteElo "1794"]
[BlackElo "1817"]
[PlyCount "80"]
[EventDate "2013.10.18"]
[EventType "swiss"]
[EventRounds "9"]
[EventCountry "RUS"]
[SourceTitle "EXT 2014"]
[Source "ChessBase"]
[SourceDate "2013.11.20"]
[SourceVersion "1"]
[SourceVersionDate "2013.11.20"]
[SourceQuality "1"]

1. e4 c5 2. c3 Nf6 3. e5 Nd5 4. d4 cxd4 5. Qxd4 e6 6. Nf3 Nc6 7. Qe4 f5 8. exf6 Nxf6 9. Qh4 d5 10. Bd3 Bd6 11. Bg6+ Ke7 12. Bc2 h6 13. Bg6 Bd7 14. 0-0 Be8 15. Bxe8 Rxe8 16. Nbd2 Kf8 17. Nd4 Nxd4 18. cxd4 e5 19. dxe5 Bxe5 20. Nf3 Kg8 21. Re1 Bc7 22. Be3 Bb6 23. Nd4 Re4 24. Qh3 Bxd4 25. Bxd4 Rxd4 26. Qe6+ Kh8 27. Qf7 Qf8 28. Qxb7 Rb4 29. Qc7 Rxb2 30. Qe5 Rb4 31. Qc7 Re4 32. Red1 Re7 33. Qa5 Rae8 34. h3 Qf7 35. Rab1 Re2 36. Rd3 Qg6 37. Rdb3 Ne4 38. Rf1 Nd2 39. Rg3 Qf6 40. Qa3 Re1 0-1